BUBT Library Online Catalog

Jute Spinning (Record no. 5403)

000 -LEADER
fixed length control field 00529nam a22002057a 4500
003 - CONTROL NUMBER IDENTIFIER
control field BUBTL
008 - FIXED-LENGTH DATA ELEMENTS--GENERAL INFORMATION
fixed length control field 161217b xxu||||| |||| 00| 0 eng d
082 ## - DEWEY DECIMAL CLASSIFICATION NUMBER
Classification number 677.13HAJ
100 ## - MAIN ENTRY--PERSONAL NAME
9 (RLIN) 979
Personal name Hafizuddin Ahmed
245 ## - TITLE STATEMENT
Title Jute Spinning
250 ## - EDITION STATEMENT
Edition statement 1st
260 ## - PUBLICATION, DISTRIBUTION, ETC. (IMPRINT)
Place of publication, distribution, etc. Dhaka
Name of publisher, distributor, etc. Begum Fatima Ahmed
Date of publication, distribution, etc. c1967
300 ## - PHYSICAL DESCRIPTION
Extent [viii],179p.
Dimensions 21.5cm.
650 #0 - SUBJECT ADDED ENTRY--TOPICAL TERM
9 (RLIN) 981
Topical term or geographic name as entry element Textile Engineering
700 ## - ADDED ENTRY--PERSONAL NAME
9 (RLIN) 980
Personal name Hafizuddin Ahmed
760 ## - MAIN SERIES ENTRY
Edition 1st
856 ## - ELECTRONIC LOCATION AND ACCESS
Password 0
Logon 0
Link text Download
942 ## - ADDED ENTRY ELEMENTS (KOHA)
Source of classification or shelving scheme
Koha item type Books
Holdings
Withdrawn status Lost status Source of classification or shelving scheme Damaged status Not for loan Collection code Permanent location Current location Shelving location Date acquired Inventory number Total Checkouts Full call number Barcode Date last seen Date last checked out Copy number Price effective from Koha item type Total Renewals
          Non-fiction Bangladesh University of Business and Technology Library Bangladesh University of Business and Technology Library Textile Engineering Stacks 08/22/2013 16666 1 677.13HAJ BUBTL-200316666 07/06/2019 06/23/2019 C-1 12/17/2016 Books  
        Not For Loan Non-fiction Bangladesh University of Business and Technology Library Bangladesh University of Business and Technology Library Textile Engineering Stacks 07/22/2013 16667   677.13HAJ BUBTL-200316667 12/17/2016   C-2 12/17/2016 Books  
        Not For Loan Non-fiction Bangladesh University of Business and Technology Library Bangladesh University of Business and Technology Library Textile Engineering Stacks 08/22/2013 16668   677.13HAJ BUBTL-200316668 12/17/2016   C-3 12/17/2016 Books  
          Non-fiction Bangladesh University of Business and Technology Library Bangladesh University of Business and Technology Library Textile Engineering Stacks 08/22/2013 16669 1 677.13HAJ BUBTL-200316669 09/18/2019 06/23/2019 C-4 12/17/2016 Books 2
          Non-fiction Bangladesh University of Business and Technology Library Bangladesh University of Business and Technology Library Textile Engineering Stacks 08/22/2013 16670   677.13HAJ BUBTL-200316670 12/17/2016   C-5 12/17/2016 Books  

More Information About Library

Library Hours

  • Open: 9.00 am. to 9.00 pm.
  • Only Sunday: 9.00 am. to 6.00 pm.
  • Closed: Holiday

Contact to the University

Bangladesh University of Business and Technology Library

  • Mirpurl-2, 1216.
  • Phone:
  • Fax:
  • E-Mail: admin.library@bubt.edu.bd

Contact to the Library

Contact Person:

Md. Abdul Hakim Shah
Joint Librarian
PABX No:  113
Cell No: 01816332931
E-mail: official: admin.library@bubt.edu.bd
Personal: hakim.shah@bubt.edu.bd


BUBT Library

Copyright © 2021